Catálogo

Vista normal Vista MARC

Entrada Personal Name

Número de registros utilizados en: 1

001 - CONTROL NUMBER

  • control field: 18076

003 - CONTROL NUMBER IDENTIFIER

  • control field: DLC

005 - DATE AND TIME OF LATEST TRANSACTION

  • control field: 20260507091924.0

008 - FIXED-LENGTH DATA ELEMENTS

  • fixed length control field: 210914n| azannaabn |n aaa

010 ## - LIBRARY OF CONGRESS CONTROL NUMBER

  • LC control number: n 2021182922

035 ## - SYSTEM CONTROL NUMBER

  • System control number: (DNLM)9818265701906676

040 ## - CATALOGING SOURCE

  • Original cataloging agency: DNLM
  • Language of cataloging: spa
  • Description conventions: rda
  • Transcribing agency: Mx-PuUPA
  • Modifying agency: Mx-PuUPA

100 1# - HEADING--PERSONAL NAME

  • Personal name: Hirata, Ronaldo,

373 ## - ASSOCIATED GROUP

  • Associated group: Facultad de Odontología, Universidad de Nueva York

374 ## - OCCUPATION

  • Occupation: Autor
  • Occupation: Profesor clínico adjunto

375 ## - GENDER

  • Gender: hombre

377 ## - ASSOCIATED LANGUAGE

  • Language code: eng

670 ## - SOURCE DATA FOUND

  • Source citation: Recipes for composite restorations, 2022:
  • Information found: ECIP title page (Ronaldo Hirata, DDS, MS, PhD; Clinical Assistant Professor, Department of Biomaterials, New York University College of Dentistry, New York, New York; Private Practice Limited to Esthetic Dentistry, Curitiba, Brazil) galley (DDS course at the Federal University of Parana in Curitiba, Brazil, in 1995; master's degree in dental materials in 2003 at the Catholic University of Rio Grande do Sul; PhD in restorative dentistry at the State University of Rio de Janeiro in 2009)